000 00513nam a2200217Ia 4500
003 OSt
005 20221005131239.0
006 a|||||r|||| 00| 0
007 ta
008 221004b |||||||| |||| 00| 0 eng d
024 _a120439
037 _cTextual
040 _aCRL
_cCRL
_beng
041 _2eng
_aeng
100 _aNarasimham N V A
245 0 _aShort term planning noble for India
260 _c1956
650 _aHISTORY
942 _cTEXL
_2cc
999 _c1059743
_d1059743